00353nam a22000857a 4500008004100000082001800041245016700059260002900226300001200255230612b xxu||||| |||| 00| 0 eng d a352.4908bKEN aThe Report of the Controller and Auditor-General Together with the Appropriation Accounts Other Public Accounts and the Accounts of the Funds for the Year 1994/95 aNairobi,KenyabGOKc1996 aVI,496p